Famous Faces from the 1600s Quiz Stats

 Plays Quiz not verified by Sporcle

Score 0/24 Timer 05:00
0 Plays Today
% Correct
William Shakespeare
85.7%
Tokugawa Ieyasu
81.4%
Louis XIV of France
80.7%
Cardinal Richelieu
78%
Shah Jahan
74.5%
Nell Gwyn
68.6%
Charles I of England
68.6%
Isaac Newton
65%
Anne of Austria
64.8%
Galileo Galilei
64.1%
Rembrandt van Rijn
63.9%
Pocahontas
63.4%
% Correct
Johannes Kepler
54.1%
Juana Inés de la Cruz
51.6%
Oliver Cromwell
51.6%
John Locke
51.1%
William Penn
48%
Gustavus Adolphus of Sweden
46.1%
Baruch Spinoza
43.9%
Jonathan Swift
37.3%
John Bunyan
36.8%
Gottfried Wilhelm Leibniz
33%
Blaise Pascal
26.1%
John Milton
22%

You're not logged in!

Compare scores with friends on all Sporcle quizzes.
OR
Log In

Sporcle TV

Today on Sporcle TV


Watch our educational content, quiz creation guides, and fun videos on Sporcle TV.

Show Comments

Extras

Top Quizzes Today


Score Distribution

Your Account Isn't Verified!

In order to create a playlist on Sporcle, you need to verify the email address you used during registration. Go to your Sporcle Settings to finish the process.

Report this User

Report this user for behavior that violates our Community Guidelines.

Details: